Southville International School and Colleges
Your cart is empty.
  • Cart
  • Lists
    Public lists Eva Luna New books Lux_list list_1
    Your lists Log in to create your own lists
  • Log in to your account
  • Your cookies
  • Search history
Southville International School and Colleges
  • Advanced search
  • Recent comments
  • Most popular
  • Libraries

Log in to your account

Log in with GOOGLE


If you do not have an external account, but do have a local account, you can still log in:

  1. Home
  2. MARC view: 100 Ideas for primary teachers:
Normal view MARC view ISBD view

100 Ideas for primary teachers: (Record no. 362799)

[ view plain ]
MARC details
000 -LEADER
fixed length control field 00371nam a2200121Ia 4500
008 - FIXED-LENGTH DATA ELEMENTS--GENERAL INFORMATION
fixed length control field 191129s9999 xx 000 0 und d
020 ## - INTERNATIONAL STANDARD BOOK NUMBER
International Standard Book Number 9781472951373
100 ## - MAIN ENTRY--PERSONAL NAME
Personal name Burrett, Martin
245 ## - TITLE STATEMENT
Statement of responsibility, etc Martin Burrett
Title 100 Ideas for primary teachers:
Remainder of title coding/
260 ## - PUBLICATION, DISTRIBUTION, ETC. (IMPRINT)
Place of publication, distribution, etc London:
Name of publisher, distributor, etc Bloomsbury Education
Date of publication, distribution, etc 2018
300 ## - PHYSICAL DESCRIPTION
Extent x, 118 p. ;
Dimensions 20 cm.
650 ## - SUBJECT ADDED ENTRY--TOPICAL TERM
Topical term or geographic name as entry element Education -- teaching
Holdings
Withdrawn status Lost status Damaged status Home library Current library Shelving location Date acquired Source of acquisition Total Checkouts Full call number Barcode Date last seen Price effective from Koha item type
      Luxembourg Library Luxembourg Library Teachers Reference Section 11/29/2019     QA 76.6 .C669 2018 20856 11/29/2019 11/29/2019 Books

100 Ideas for primary teachers:

APA

Burrett M., . (2018). 100 Ideas for primary teachers. London: Bloomsbury Education.

Chicago

Burrett Martin, . 2018. 100 Ideas for primary teachers. London: Bloomsbury Education.

Harvard

Burrett M., . (2018). 100 Ideas for primary teachers. London: Bloomsbury Education.

MLA

Burrett Martin, . 100 Ideas for primary teachers. London: Bloomsbury Education. 2018.

  • Place hold
  • Print
  • Cite
  • Add to your cart (remove)
  • Save record
    BIBTEX Dublin Core MARCXML MARC (non-Unicode/MARC-8) MARC (Unicode/UTF-8) MARC (Unicode/UTF-8, Standard) MODS (XML) RIS
  • More searches
    Search for this title in:
    Other Libraries (WorldCat) Other Databases (Google Scholar) Online Stores (Bookfinder.com) Open Library (openlibrary.org)

Exporting to Dublin Core...

SOUTHVILLE LIBRARY

Southville International School and Colleges Library

1281 Tropical Ave. Cor. Luxembourg St., BF Homes International, Las Pinas City

Tel. No. 8256374 / 252358 Loc. 117/146

Powered by Koha